Khảo sát các điều kiện tối ưu để định lượng Fe, Ca, Se có trong sâm Ngọc Linh (panax vietnamensis) ở Việt Nam bằng phương pháp ICP-OES : Luận văn tốt nghiệp Cao học. Chuyên ngành Hóa lý thuyết và Hóa lý
Nghiên cứu tìm điều kiện tối ưu để định lượng Fe, Ca, Se có trong sâm Ngọc Linh ở Việt Nam bằng phương pháp ICP-OES là một trong những phương pháp phân tích hiện đại cho kết quả đáng tin cậy, góp phần bổ sung các thông tin về giá trị dinh du...
Gardado en:
| Autor Principal: | |
|---|---|
| Formato: | Libro |
| Idioma: | Undetermined |
| Publicado: |
Cần Thơ
Trường Đại học Cần Thơ
2019
|
| Những chủ đề: | |
| Các nhãn: |
Engadir etiqueta
Sen Etiquetas, Sexa o primeiro en etiquetar este rexistro!
|
| Thư viện lưu trữ: | Trung tâm Học liệu Trường Đại học Cần Thơ |
|---|
| LEADER | 01372nam a2200229Ia 4500 | ||
|---|---|---|---|
| 001 | CTU_232597 | ||
| 008 | 210402s9999 xx 000 0 und d | ||
| 082 | |a 543 | ||
| 082 | |b Ph513 | ||
| 088 | |a 8440119 | ||
| 100 | |a Lê, Thị Phụng | ||
| 245 | 0 | |a Khảo sát các điều kiện tối ưu để định lượng Fe, Ca, Se có trong sâm Ngọc Linh (panax vietnamensis) ở Việt Nam bằng phương pháp ICP-OES : | |
| 245 | 0 | |b Luận văn tốt nghiệp Cao học. Chuyên ngành Hóa lý thuyết và Hóa lý | |
| 245 | 0 | |c Lê Thị Phụng ; Nguyễn Thị Thu Thủy (Cán bộ hướng dẫn) | |
| 260 | |a Cần Thơ | ||
| 260 | |b Trường Đại học Cần Thơ | ||
| 260 | |c 2019 | ||
| 520 | |a Nghiên cứu tìm điều kiện tối ưu để định lượng Fe, Ca, Se có trong sâm Ngọc Linh ở Việt Nam bằng phương pháp ICP-OES là một trong những phương pháp phân tích hiện đại cho kết quả đáng tin cậy, góp phần bổ sung các thông tin về giá trị dinh dưỡng của sâm Ngọc Linh. | ||
| 650 | |a Chemistry, Analytic,Hóa học phân tích | ||
| 650 | |x Quantitative,Định lượng | ||
| 910 | |b nthai | ||
| 980 | |a Trung tâm Học liệu Trường Đại học Cần Thơ | ||